Catálogo

OPTIONS, FUTURES, AND OTHER DERIVATIVES (Registro nro. 48136)

Detalles MARC
000 -LEADER
fixed length control field 00886nam a2200193 a 4500
001 - CONTROL NUMBER
control field 48136
005 - DATE AND TIME OF LATEST TRANSACTION
control field 20180714032333.0
008 - FIXED-LENGTH DATA ELEMENTS--GENERAL INFORMATION
fixed length control field 140415d 000 0 eng d
020 ## - INTERNATIONAL STANDARD BOOK NUMBER
International Standard Book Number 0130224448
041 ## - LANGUAGE CODE
Language code of text/sound track or separate title eng
082 ## - DEWEY DECIMAL CLASSIFICATION NUMBER
Classification number 332.632
Item number HUL
100 1# - MAIN ENTRY--PERSONAL NAME
Personal name HULL, JOHN C.
245 10 - TITLE STATEMENT
Title OPTIONS, FUTURES, AND OTHER DERIVATIVES
250 ## - EDITION STATEMENT
Edition statement 4ed.
260 ## - PUBLICATION, DISTRIBUTION, ETC.
Place of publication, distribution, etc. [s.l.] :
Name of publisher, distributor, etc. PRENTICE-HALL, INC.,
Date of publication, distribution, etc. [s.f.]
300 ## - PHYSICAL DESCRIPTION
Extent 509
Dimensions 23.5 x 15.8 x 3
520 ## - SUMMARY, ETC.
Summary, etc. ESTE LIBRO ES APORPIADO PARA ESTUDIANTES Y GRADUADOS ESPECIALIZADOS EN NEGOCIOS, ECONOMIA E INGENIERIA FINANCIERA. ES TAMBIEN MUY UTIL PARA PRACTICANTES QUE QUIEREN SABER COMO PUEDEN SER ANALIZADAS LAS DERIVADAS, SE HA TENIDO UN GRAN CUIDADO CON LAS MATEMATICAS Y ASUME QUE AL FINALIZAR EL LIBRO, PARECERA QUE EL LECTOR TOMO UN CURSO DE INTRODUCCION A LAS FINANZAS, PROBABILIDAD Y ESTADISITCA.
650 14 - SUBJECT ADDED ENTRY--TOPICAL TERM
Topical term or geographic name entry element ECONOMIA
Existencias
Withdrawn status Lost status Source of classification or shelving scheme Damaged status Not for loan Collection code Home library Current library Shelving location Date acquired Source of acquisition Inventory number Total Checkouts Total Renewals Full call number Barcode Date last seen Date last checked out Price effective from Koha item type
    Dewey Decimal Classification     General Biblioteca Karol Wojtyla Biblioteca Karol Wojtyla Sala general 03/12/2013 Compra 151000000000000000049014 1 1 332.632 HUL 72060 05/01/2026 08/06/2019 03/12/2013 Libro